000 00243nam a2200097Ia 4500
001 760478
005 20250826165149.0
008 250824s9999 xx 000 0 und d
245 0 _aKAŞIKÇI GÜZELİ
_cALİ FARUK
260 _bGENÇ HAYAT YAYINLARI
999 _c760478
_d760478